Extreme Luck - Sudden Death - Statistics

General Stats
  • This quiz has been taken 131 times
  • The average score is 2 of 50
Answers on the Grid
Answers color-coded by a green-red scale on the quiz's grid according to % correct below.
?
?
?
?
?
?
?
?
?
?
?
?
?
?
?
?
?
?
?
?
?
?
?
?
?
?
?
?
?
?
?
?
?
?
?
?
?
?
?
?
?
?
?
?
?
?
?
?
?
?
?
?
?
?
?
?
?
?
?
?
?
?
?
?
?
?
?
?
?
?
?
?
?
?
?
?
?
?
?
?
?
?
?
?
?
?
?
?
?
?
?
?
?
?
?
?
?
?
?
?
 
Answer Stats
Answer % Correct
?
12%
?
12%
?
12%
?
12%
?
12%
?
8%
?
8%
?
8%
?
8%
?
8%
?
8%
?
8%
?
8%
?
8%
?
4%
?
4%
?
4%
?
4%
?
4%
?
4%
?
4%
?
4%
?
4%
?
4%
?
4%
?
4%
?
4%
?
4%
?
4%
?
4%
?
4%
?
4%
?
4%
?
0%
?
0%
?
0%
?
0%
?
0%
?
0%
?
0%
?
0%
?
0%
?
0%
?
0%
?
0%
?
0%
?
0%
?
0%
?
0%
?
0%
No matching quizzes found
Score Distribution
Percent of People with Each Score
Percentile by Number Answered
Your Score History
You have not taken this quiz